Регионална библиотека "Любен Каравелов" - Русе

Атанас Буров (Запис номер 178564)

MARC детайли
000 -Лидер
Контролно поле с фиксирана дължина 02319nam a2200517 c 4500
003 - Код на организацията, давaща контролен номер
Контролно поле BLK
005 - Дата и час на последна редакция
Контролно поле 20250401151646.0
008 - Елементи от данни с фиксирана дължина
fixed length control field 180411b bul|||||r ||||||| ||bul||
010 ## - Наследен системен номер
LC control number KNG00187295000
020 ## - Международен стандартен номер на книга ISBN
Международен стандартен номер на книга ISBN 978-954-91113-2-3
040 ## - Източник на каталожния запис
Идентификатор на билиотеката - собственик на записа BLK
041 ## - Код за език
Код за езика на текст/звукозапис или на отделно заглавие Български
Код за езика КДБФ Български
Други езици Английски
072 #7 - Код за тематичната категория
Код организация bullib
Код за тематична категория Н92
Текст История Н
080 ## - УДК
Текстов определител УДК България през периода на общата криза на капитализма (1918-1944)
УДК код - определител по УДК 94(497.2)"1918/1945"
УДК определител (092)
УДК - код + определител 94(497.2)"1918/1945"(092)
080 ## - УДК
Текстов определител УДК Български банкер, политик
УДК код - определител по УДК 929 Буров, Атанас Димитров
УДК - код + определител 929 Буров, Атанас Димитров
100 1# - Редна дума - Автор
Автор Цветков, Жоро Драганов
Авторска отговорност първи автор
R(LIN) 242255
139 ## - Редно поле
Редна дума Цветков, Жоро Драганов
Авторски знак Бурм - Б 89
245 10 - Сведения за заглавието
Заглавие Атанас Буров
Подзаглавни данни Живот за България
Редно поле (дума) Жоро Драганов Цветков.
250 ## - Област на изданието
Сведения за изданието 4. изд.
257 ## - Страна на издаване
Страна на създаване/издаване България
260 ## - Област на издателските данни
Име на издателя, разпространителя и проч. Фонд. Атанас Буров
Година на издаване 2016
Печатница Костинброд : Мултипринт
300 ## - Физическа характеристика
Страници 472 с.
Илюстрации и др. с цв. ил., портр., факс.
Размери/Мащаб 24 см
380 ## - Жанр
Жанр История
500 ## - Общи забележки
Забележка 1. изд. 1992 изд. на БАН в сер. Минало и личности. - Пътят към познанието и истината за Буров / Жоро Цветков. - Биогр. данни за авт. - Рез. на англ. ез.
600 14 - Име на лице, използвано като предмет
За него / За нея Буров, Атанас Димитров
9 (RLIN) 382923
650 #4 - Допълнително описание по предмет – тема
Основно описание – тема или топоним Буров, Атанас Димитров
9 (RLIN) 382923
650 #4 - Допълнително описание по предмет – тема
Основно описание – тема или топоним Политици, български - биографии
9 (RLIN) 250984
650 #0 - Допълнително описание по предмет – тема
Основно описание – тема или топоним България - история, нова
9 (RLIN) 241998
651 #4 - Допълнително описание по предмет - топоним
Географско понятие България
9 (RLIN) 241624
653 ## - Ключова дума – ненормативна
Ключова дума Атанас Буров
653 ## - Ключова дума – ненормативна
Ключова дума банкери
653 ## - Ключова дума – ненормативна
Ключова дума политици
653 ## - Ключова дума – ненормативна
Ключова дума българска история
653 ## - Ключова дума – ненормативна
Ключова дума биографии
653 ## - Ключова дума – ненормативна
Ключова дума нова история
659 ## - Тематичен бюлетин
Тематичен бюлетин Н
852 ## - Местоположение
Форматна сигнатура Цб 280100
852 ## - Местоположение
Форматна сигнатура К 94(497.2)"1878..."/Б 89 А
856 4# - Електронен адрес и достъп
Електронен формат pdf - файл
856 4# - Електронен адрес и достъп
Електронен формат pdf - файл
999 ## - СИСТЕМНИ КОНТРОЛНИ НОМЕРА
Koha biblionumber 178564
Koha biblioitemnumber 178564
942 ## - АРТИКУЛИ
Вид на библиотечния материал Книги
Скрит в OPAC Не
Koha issues (borrowed), all copies 20
Периодичен библиозапис Да
944 ## - СЪЗДАВАНЕ И РЕДАКЦИЯ на ЗАПИСА
Създаване/Редакция Създаване
Дата на регистрацията/редакция 05.04.2016
Статус, дата на статуса Цветелина Шанова
Служител, извършил регистрацията/редакцията 30531
944 ## - СЪЗДАВАНЕ И РЕДАКЦИЯ на ЗАПИСА
Създаване/Редакция Редакция
Дата на регистрацията/редакция 06.07.2017
Статус, дата на статуса ф /
Служител, извършил регистрацията/редакцията Виолета_Тройчева
999 ## - СИСТЕМНИ КОНТРОЛНИ НОМЕРА
Koha biblioitemnumber 178564
999 ## - СИСТЕМНИ КОНТРОЛНИ НОМЕРА
Koha biblioitemnumber 178564
Наличности
Код за отписване Код за изгубен артикул Код за повреда Коз за рестрикции Код за отдаване Артикулен № Име на библиотеката - собственик Име на библиотеката, в която се намира в момента Статус (Текущо местоположение) Дата на вписване в системата Местоположение - отдел Цена в лева Инвентарен номер Систематично азбучна сигнатура Баркод Номер на екземпляра Цена в евро Служебна бележка Служебен тип на артикула Източник на класификационната схема
  Не е изгубен Не е повреден без рестрикции ползва се в читалня 306632 Регионална библиотека "Любен Каравелов" Русе Регионална библиотека "Любен Каравелов" Русе Хранилище 2016-04-05 Хранилище 30.00 120000799279 Цб 280100 120000799279 1 15.34 Дост: Dp Вид: Д N: 9 Дата: 12.02.2016 Книги  
  Не е изгубен Не е повреден без рестрикции заемане за дома 306633 Регионална библиотека "Любен Каравелов" Русе Регионална библиотека "Любен Каравелов" Русе Заемна - подръчен фонд 2016-06-18 Заемна - подръчен фонд 30.00 120000801163 94(497.2)"1918/1945"/Б 89 А 120000801163 2 15.34 Дост: DA Вид: А N: 21 Дата: 18.06.2016 Дата инв: 08.02.2018 Бележки инв: П2018 Книги Universal Decimal Classification
  Не е изгубен Не е повреден без рестрикции заемане за дома 306634 Регионална библиотека "Любен Каравелов" Русе Регионална библиотека "Любен Каравелов" Русе Заемна - подръчен фонд 2016-06-18 Заемна - подръчен фонд 30.00 120000801164 94(497.2)"1918/1945"/Б 89 А 120000801164 3 15.34 Дост: DA Вид: А N: 21 Дата: 18.06.2016 Дата инв: 08.02.2018 Бележки инв: П2018 Книги Universal Decimal Classification
  Не е изгубен Не е повреден без рестрикции ползва се в читалня 306635 Регионална библиотека "Любен Каравелов" Русе Регионална библиотека "Любен Каравелов" Русе Краезнание 2016-06-18 Краезнание 30.00 120000801165 К 94(497.2)"1878..."/Б 89 А 120000801165 4 15.34 Дост: DA Вид: А N: 21 Дата: 18.06.2016 Дата инв: 07.11.2017 Бележки инв: К2017 Книги Universal Decimal Classification
  Не е изгубен Не е повреден без рестрикции заемане за дома 306636 Регионална библиотека "Любен Каравелов" Русе Регионална библиотека "Любен Каравелов" Русе Заемна - подръчен фонд 2016-06-20 Заемна - подръчен фонд 30.00 120000801259 94(497.2)"1918/1945"/Б 89 120000801259 5 15.34 Дост: Pk Вид: Ф N: 1645 Дата: 09.06.2016 Дата инв: 08.02.2018 Бележки инв: П2018 Книги Universal Decimal Classification
Vip Innovations Ltd, Rousse, Bulgaria 2025